00474nam a2200169Ia 4500003000400000008004100004040001600045082001300061100002000074245008800094700001800182260003900200300001000239650001500249650001800264650002200282GCL140319s9999 xx 000 0 eng d aGCL / cGCL04a841bD A1 aDAUZIER, PIERRE10aANTHOLOGIE DES POETES DELAISSES DE JEAN MAROT A SAMUEL BECKETTE / cDAUZIER, PIERRE1 aLOMBARD, PAUL a[S.N] : bLA TABLE RONDE ، c1994 a481 P04aLITERATURE04aFRENCH POETRY04aFRENCH LITERATURE